Countering heedless jihad (Record no. 138581)

MARC details
000 -LEADER
fixed length control field 00864nam a2200253Ia 4500
003 - CONTROL NUMBER IDENTIFIER
control field OSt
005 - DATE AND TIME OF LATEST TRANSACTION
control field 20220918171241.0
008 - FIXED-LENGTH DATA ELEMENTS--GENERAL INFORMATION
fixed length control field 220917b |||||||| |||| 00| 0 eng d
020 ## - INTERNATIONAL STANDARD BOOK NUMBER
International Standard Book Number 9781442271258 (pbk)
037 ## - SOURCE OF ACQUISITION
Terms of availability Textual
040 ## - CATALOGING SOURCE
Original cataloging agency ARTS
Transcribing agency ARTS
Language of cataloging eng
041 ## - LANGUAGE CODE
Source of code eng
Language code of text/sound track or separate title eng
100 ## - MAIN ENTRY--PERSONAL NAME
Personal name Sheppard James A. Au.
9 (RLIN) 35094
245 #0 - TITLE STATEMENT
Title Countering heedless jihad
Remainder of title toward a field manual for intellectual sabotage
260 ## - PUBLICATION, DISTRIBUTION, ETC.
Place of publication, distribution, etc. Lanham
Name of publisher, distributor, etc. Rowman and Littlefield Maryland
Date of publication, distribution, etc. 2017
300 ## - PHYSICAL DESCRIPTION
Extent xxx,164p.
Dimensions cm.
650 ## - SUBJECT ADDED ENTRY--TOPICAL TERM
Topical term or geographic name entry element MUSLIMS; TERRORISM
9 (RLIN) 35095
942 ## - ADDED ENTRY ELEMENTS (KOHA)
Classification part Y:45(Q7), Q7
Koha item type Textual
Source of classification or shelving scheme Colon Classification (CC)
Holdings
Withdrawn status Lost status Damaged status Not for loan Home library Current library Date acquired Source of acquisition Total Checkouts Full call number Barcode Date last seen Price effective from Koha item type
        Arts Library Arts Library 2022-09-18 13733, 15/01/2019, Elite Publishers Distributors   Y:45(Q7) Q7 AL1632923 2022-09-18 2022-09-18 Textual
Copyright @ Delhi University Library System